00578nam a22001457a 4500003000400000005001700004008004100021040001400062100002600076245016200102260000900264300002600273500010700299504002600406OSt20171010095528.0121004t xxu||||| |||| 00| 0 eng d aMMSUcULS aCastillo, Anthony N.  aFormulation study of leadless glaze using calcined Pinili limestone, ricehull, ash and commercial oxide for commercial earthenware bodycAnthony N. Castillo  c2008 ax, 46 leaves c28 cm. aThesis (BS Ceramic Engineering) -- Mariano Marcos State University-College of Engineering, Batac City  aBibliography: leaf 25